Calendarios mexicanos : edición facsimilar /

Historia del México prehispánico, escrita por el abogado poblano Mariano Fernández de Echeverría y Veytia (1718-1780), quien llegó a ser consultado por Francisco Javier Clavijero. Todas las obras principales de Veytia fueron publicadas de manera póstuma: su Historia antigua de México fue editada por...

Descripció completa

Guardat en:
Dades bibliogràfiques
Autor principal: Fernández de Echeverría y Veytia, Mariano (autor)
Altres autors: Alzati, Fausto (presentación) (presentación), Matute, Alvaro (estudio) (estudio)
Format: Llibre
Idioma:espanyol
Publicat: México : Miguel Angel Porrúa, 1994, c1994
Matèries:
Etiquetes: Afegir etiqueta
Sense etiquetes, Sigues el primer a etiquetar aquest registre!

MARC

LEADER 00000nam^a2200000^a^4500
001 000174298
005 20250526000000.0
009 20260310101526.022
020 |a 968-842-509-5 
037 |a Acervo ITESO - Biblioteca 
041 |a ESP 
082 |a 972. 01  |b COD FER 
100 |a Fernández de Echeverría y Veytia, Mariano  |e (autor) 
240 1 1 |a [Historia antigua de México, de Mariano Fernández] 
240 1 1 |a [Calendarios mexicanos] 
245 1 0 |a Calendarios mexicanos :  |b edición facsimilar /  |c M. Fernández de Echeverría y Veytia ; presen. de F. Alzati ; estudio de A. Matute. 
264 4 |a México :  |b Miguel Angel Porrúa,  |c 1994, c1994 
300 |a 28, [8], 62, [4] p. +  |e 9 láminas ;  |c 46.0 cm. 
336 |a texto  |b txt  |2 rdacontenido 
337 |a sin mediación  |b n  |2 rdamedio 
338 |a volumen  |b nc  |2 rdasoporte 
520 |a Historia del México prehispánico, escrita por el abogado poblano Mariano Fernández de Echeverría y Veytia (1718-1780), quien llegó a ser consultado por Francisco Javier Clavijero. Todas las obras principales de Veytia fueron publicadas de manera póstuma: su Historia antigua de México fue editada por vez primera en 1836 y presentada nuevamente hasta 1944. Los Calendarios mexicanos que aquí se presentan no fue una obra pensada como monografía, sino que en realidad se editaron con tal título los primeros 11 capítulos de la Historia antigua de México. En Calendarios mexicanos el historiador hace una rápida referencia al origen de los indígenas, para centrarse después en la importancia de la medición del tiempo en las culturas prehispánicas de México y su expresión en calendarios. 
534 |a Reproducción facsimilar de la edición original de 1907, publicada por el Museo Nacional de México 
649 |a XX 
650 |a Nahuas -  |x Historia 
650 |a Indígenas de México -  |x Historia 
650 |a Calendarios -  |z México -  |x Historia y Crítica 
650 |a Calendarios -  |z México 
650 |a Códices Prehispánicos -  |z México -  |x Historia y Crítica 
650 |a Códices Prehispánicos -  |z México 
650 |a México -  |x Historia -  |y Epoca Prehispánica 
700 |a Alzati, Fausto  |e (presentación) 
700 |a Matute, Alvaro  |e (estudio) 
910 |a Fondo General 
920 |a Impresos - Libros 
930 |a Libros Antiguos y Raros 
905 |a 108 
901 |a 0500112038  |b IT2  |c LRA  |u 20250526 
901 |a 0500112036  |b IT2  |c LRA  |u 20250526 
901 |a 0500112033  |b IT2  |c LRA  |u 20250526 
901 |a 0500112030  |b IT2  |c LRA  |u 20250526 
901 |a 0500112027  |b IT2  |c LRA  |u 20250526 
901 |a 0500112024  |b IT2  |c LRA  |u 20250526 
901 |a 0500112021  |b IT2  |c LRA  |u 20250526 
901 |a 0500112047  |b IT2  |c LRA  |u 20250526 
901 |a 0500112044  |b IT2  |c LRA  |u 20250526 
901 |a 0500112041  |b IT2  |c LRA  |u 20250526 
902 |a https://opac.biblio.iteso.mx/vufind/Record/000174298